000 00738cam a2200253 4500
001 D16176
008 090401t1977 xxu||||| |||| 00| 0 eng d
035 _a(Sirsi) u27626
041 _aeng
050 _a333.0017
_c18
110 _aRoyal Institution of Chartered Surveyors
_94900
245 _aRules of conduct
_bdisciplinary powers and procedures (July 1973) (reprinted 1977)
260 _a[S.l.]
_bRICS
_c1977
300 _a39p.
_c21cm
350 _a0
490 _aRICS Rules of Conduct
650 _aPROFESSIONAL CONDUCT
650 _aRICS BYE-LAWS
650 _aRICS REGULATIONS
650 _aRICS RULES OF CONDUCT
690 _aMANAGEMENT-BUSINESS MANAGEMENT-PROFESSIONAL PRACTICE
942 _n0
948 _c04/03/1997
999 _c89139
_d89139